00473nam a2200145Ia 450000500170000000800410001704100080005808200160006610000230008224500280010526000370013365000230017099900190019395201150021220250729165811.0250729s2022 xx 000 0 und d akan a370.25 SAIK aDr.N.S.Ali9233278 aJnana mattu Patya Krama aMysorebVismaya Prakashanac2022 aPsychology9233279 c240201d240201 00104070aALbALd2025-07-29eManagement Bookl0o370.25 SAIKpBED05520r2025-07-29 16:58:11w2025-07-29yBK